Loading...
Mastering Java security Cryptography, algorithms and architecture /
| Main Author: | |
|---|---|
| Other Authors: | |
| Language: | Undetermined |
| Published: |
New Delhi :
Wiley publications ,
2002.
|
| Subjects: |
| LEADER | 00578nam a2200169Ia 4500 | ||
|---|---|---|---|
| 001 | 135622 | ||
| 008 | 170722s9999 xx 000 0 und d | ||
| 020 | |a 8126503238 | ||
| 100 | |a Helton, Rich | ||
| 245 | |a Mastering Java security |b Cryptography, algorithms and architecture / | ||
| 260 | |a New Delhi : |b Wiley publications , |c 2002. | ||
| 300 | |a 698 p. | ||
| 653 | |a Java | ||
| 700 | |a Helton , Johennie | ||
| 942 | |c GEN | ||
| 999 | |c 126658 |d 126658 | ||
| 952 | |0 0 |1 0 |4 0 |6 D_651333J_P25 |7 0 |9 179018 |a LIB |b LIB |d 2013-03-25 |e TBS Publishers&Distributors |o D6513:33J P25 |p 249641 |r 2017-08-12 |w 2017-08-12 |y GEN | ||